| 000 | 00892nam a22002177a 4500 | ||
|---|---|---|---|
| 005 | 20250513115453.0 | ||
| 008 | 250513b |||||||| |||| 00| 0 eng d | ||
| 037 | _cTB | ||
| 040 |
_aCRL _cCRL |
||
| 041 |
_2hin _ahin |
||
| 084 |
_aO152,1N47x Q8 _qCRL |
||
| 100 |
_aडंगवाल, वीरेन _9784121 |
||
| 245 | _aकविता वीरेन | ||
| 260 |
_aगाज़ियाबाद, भारत: _bनवारुण, _c2018. |
||
| 300 | _a476पृ0 | ||
| 365 |
_b800.00 _cINR |
||
| 650 |
_aहिन्दी कविता _9784122 |
||
| 650 |
_aहिन्दी साहित्य _9784123 |
||
| 942 |
_2CC _cTB _hO152,1N47x Q8 _n0 |
||
| 999 |
_c1400759 _d1400759 |
||